zpět

Detail výsledku týmu

U Opata, Pardubice

Datum a čas kvízu

26 Celkem bodů Celkový počet nahraných bodů na tomto kvízu bez doplňovacích otázek.
5. Pořadí na kvízu Konečné umístění týmu na tomto kvízu.

Zaznamenané odpovědi

# Otázka Odpověď Body Výsledky
1. Příbramští policisté pátrají p... závodní formule 1
2. Česká komisařka Věra Jourová s... hodnoty a transparentnost 0
3. Kanadská spisovatelka Margaret... Příběh služebnice 1
4. Řetězec KFC připravuje vlastní... Colonel Sanders 0
5. Kdeže jsou ty časy, kdy naši t... Bosna a Hercegovina 0
6. Když už jsme tu měli minulý tý... dopamin 1
7. Syn boha války Area a bohyně l... Erós 1
8. Příponu -filie mají různá slov... Alexej 0
9. Láska je samozřejmě nevyčerpat... 1D 2C 3A 4B 1
10. Jak se jmenuje herečka, která... Gwyneth Paltrow 1